Ricordo di Milano (Record no. 114766)
[ view plain ]
| 000 -LEADER | |
|---|---|
| campo de control de longitud fija | 00480nkm a2200169 i 4500 |
| 001 - NÚMERO DE CONTROL | |
| campo de control | 114766 |
| 003 - IDENTIFICADOR DE NÚMERO DE CONTROL | |
| campo de control | ES-MaACL |
| 005 - FECHA Y HORA DE LA ÚLTIMA TRANSACCIÓN | |
| campo de control | 20230906190239.0 |
| 007 - CAMPO FIJO DE DESCRIPCIÓN FÍSICA--INFORMACIÓN GENERAL | |
| campo de control de longitud fija | t| |
| 008 - DATOS DE LONGITUD FIJA--INFORMACIÓN GENERAL | |
| campo de control de longitud fija | 070326q19001950it --- |001||ita d |
| 245 00 - MENCIÓN DEL TÍTULO | |
| Título | Ricordo di Milano |
| Resto del título | : [24 vedute] [ |
| Medio | Fotografía]. |
| 260 ## - PUBLICACIÓN, DISTRIBUCIÓN, ETC. | |
| Lugar de publicación, distribución, etc. | [S.l. : |
| Nombre del editor, distribuidor, etc. | s.n., |
| Fecha de publicación, distribución, etc. | 19-?] |
| 300 ## - DESCRIPCIÓN FÍSICA | |
| Extensión | 1 v. : |
| Otras características físicas | fot. ; |
| Dimensiones | 16 cm x 12 (pleg.) |
| 500 ## - NOTA GENERAL | |
| Nota general | Colección de 24 fotograbados. |
| 651 #4 - PUNTO DE ACCESO ADICIONAL DE MATERIA--NOMBRE GEOGRÁFICO | |
| Nombre geográfico | Milán- |
| Subdivisión general | Descripción. |
| 9 (RLIN) | 167362 |
| 852 ## - LOCALIZACIÓN | |
| Ubicación | ES-MaACL |
| Número de control de estantería | C-294 |
| Estatus retirado | Estado de pérdida | Estado de daño | No para préstamo | Biblioteca de origen | Biblioteca actual | Ubicación en estantería | Fecha de adquisición | Fuente de adquisición | Total de préstamos | Signatura topográfica completa | Código de barras | Visto por última vez | Precio de reemplazo | Tipo de ítem Koha |
|---|---|---|---|---|---|---|---|---|---|---|---|---|---|---|
| Biblioteca del Ateneo de Madrid | Biblioteca del Ateneo de Madrid | Sala Palomar | 17/01/2008 | C-294 | 1119679 | 23/02/2023 | 23/02/2023 | Fotografía |
